Unit operations and processes in environmental engineering
Đã lưu trong:
| Những tác giả chính: | , |
|---|---|
| Định dạng: | Sách |
| Ngôn ngữ: | Tiếng Anh |
| Được phát hành: |
Stamford
Cencage Learning
1996
|
| Phiên bản: | 2a. ed |
| Loạt: | Cencage Learning Series in Engineering
|
| Những chủ đề: | |
| Các nhãn: |
Thêm thẻ
Không có thẻ, Là người đầu tiên thẻ bản ghi này!
|
MARC
| LEADER | 00000cam a2200000 a 4500 | ||
|---|---|---|---|
| 001 | UCH9932 | ||
| 003 | CL-VaPUC | ||
| 008 | 100304e19960000US |||||||||||||||||eng|d | ||
| 020 | |a 9780534948849 | ||
| 082 | 0 | 4 | |a 628.1 |b REY |2 21 |
| 100 | 0 | |a Reynolds, Tom D |e author |9 547243 | |
| 700 | 0 | |a Richards, Paul A |e author |9 547244 | |
| 245 | 1 | 0 | |a Unit operations and processes in environmental engineering |
| 250 | |a 2a. ed | ||
| 300 | |a 798 p | ||
| 942 | |c BK | ||
| 945 | |d 20100304 00:00:00 |a cmena | ||
| 260 | |a Stamford |b Cencage Learning |c 1996 | ||
| 650 | 0 | |a Ingeniería ambiental |9 328689 | |
| 650 | 0 | |a Procesos químicos |9 259436 | |
| 650 | 0 | |a Protección del medio ambiente |9 257626 | |
| 650 | 0 | |a Contaminación ambiental |9 314181 | |
| 583 | |a last modification |c 20121128 04:35:35 |k Rodrigo Vera | ||
| 490 | 0 | |a Cencage Learning Series in Engineering | |
| 999 | |c 339756 |d 339754 | ||
| 952 | |0 0 |1 0 |4 0 |6 628_100000000000000_REY_1996 |7 0 |8 A |9 433599 |a BIBING |b BIBING |d 2019-11-22 |i 464963K |o 628.1 REY 1996 |p 464963K |r 2025-01-20 |w 2019-11-22 |y BK |k CIC | ||
| 952 | |0 0 |1 0 |4 0 |6 628_100000000000000_REY_1996 |7 0 |8 A |9 433600 |a BIBING |b BIBING |d 2019-11-22 |i 4928911 |o 628.1 REY 1996 |p 4928911 |r 2025-01-20 |w 2019-11-22 |y BK |k CIC | ||